Preferencie spotrebiteľov v oblasti vína z pohľadu dvoch generácií diplomová práca

Salvato in:
Dettagli Bibliografici
Autore principale: Gernátová, Katarína
Ente Autore: Obchodná fakulta EU. Katedra marketingu
Altri autori: Vokounová, Dana, 1962-
Natura: Libro
Lingua:slovacco
Pubblicazione: Bratislava 2020
Tags: Aggiungi Tag
Nessun Tag, puoi essere il primo ad aggiungerne!!

MARC

LEADER 00000nbm a2200000 4500
001 0266260
005 20201006134601.3
041 0 |a slo 
044 |a SK 
245 1 0 |a Preferencie spotrebiteľov v oblasti vína z pohľadu dvoch generácií  |b diplomová práca  |c Katarína Gernátová ; školiteľ: Dana Vokounová 
264 1 |a Bratislava  |c 2020 
300 |a 67 s. 
100 1 |a Gernátová, Katarína 
700 1 |a Vokounová, Dana, 1962- 
710 2 |a Obchodná fakulta EU. Katedra marketingu